Odkládat domácí úkoly na poslední chvíli se nevyplácí

Súčasný stav Solvency II, zásadného projektu regulácie poisťovacích spoločností. Solvenčný kapitál. Kľúčové ukazovatele finančného dopadu podľa QIS 4.

Salvato in:
Dettagli Bibliografici
Autore principale: Fröhler, Bernd
Altri autori: Švoma, Jan
Natura: Capitolo di libro
Lingua:ceco
Soggetti:
Tags: Aggiungi Tag
Nessun Tag, puoi essere il primo ad aggiungerne!!

MARC

LEADER 00000naa$a2200000$$$4500
001 0092100
005 20231129092607.1
041 0 |a cze 
044 |a CZ 
245 1 0 |a Odkládat domácí úkoly na poslední chvíli se nevyplácí  |c Bernd Fröhler, Jan Švoma 
520 |a Súčasný stav Solvency II, zásadného projektu regulácie poisťovacích spoločností. Solvenčný kapitál. Kľúčové ukazovatele finančného dopadu podľa QIS 4. 
610 2 0 |a poisťovníctvo 
610 2 0 |a regulácia 
610 2 0 |a projekty 
610 2 0 |a solventnosť 
610 2 0 |a ukazovatele finančné 
100 1 |a Fröhler, Bernd 
700 1 |a Švoma, Jan